Avion militaire - Statistiques

Statistiques générales
  • Ce quiz a été pris 161 fois
  • Le résultat moyen est 17 sur 44
Statistiques - réponses
Par images Réponse % Correct
Dassault Rafale B
97%
Dassault Mirage F1
90%
Lockheed Martin F-35 Lightning II
76%
McDonnell Douglas F-15 Eagle
76%
General Dynamics F-16 Fighting Falcon
72%
Grumman E-2 Hawkeye
70%
Soukhoï Su-57
65%
Lockheed C-130 Hercules
64%
Eurofighter Typhoon
62%
McDonnell Douglas F/A-18 Hornet
61%
Eurocopter EC665 Tigre
59%
Dassault Mirage 2000
57%
Airbus A400M Atlas
54%
Boeing AH-64 Apache
50%
McDonnell Douglas C-17 Globemaster III
50%
Boeing B-52 Stratofortress
49%
Lockheed Martin F-117 Nighthawk
49%
Panavia Tornado
43%
Chengdu J-20
40%
Mikoyan-Gourevitch MiG-29
40%
Boeing CH-47 Chinook
37%
NHIndustries NH90
37%
Airbus A330 MRTT
36%
Lockheed C-5 Galaxy
35%
McDonnell Douglas AV-8B Harrier II
34%
Sikorsky UH-60 Black Hawk
31%
Boeing-Bell V-22 Osprey
30%
Kamov Ka-50 (version KA-52)
27%
Pilatus PC-21
27%
Mikoyan-Gourevitch MiG-31
24%
Boeing E-3 Sentry
22%
General Dynamics F-111 Aardvark
21%
Mil Mi-8
20%
Tupolev Tu-95
20%
Tupolev Tu-22M
19%
Soukhoï Su-22 (export du Su-17)
18%
Tupolev Tu-160
14%
Iliouchine Il-76
12%
HAL Tejas
11%
Sikorsky CH-53 Sea Stallion
11%
Aero L-159 Alca
3%
FMA IA-63 Pampa
3%
AgustaWestland EH101 Merlin
2%
Kawasaki P-1
1%
Aucun quiz correspondant
Distribution des résultats
% des personnes avec chaque résultat
Percentile par nombre de réponses
Votre historique - résultats
Vous n’avez pas pris ce quiz